000 00285nam a2200121Ia 4500
008 190722s9999 xx 000 0 und d
020 _a978-93-325-3652-4
100 _aRichard T DeGeorge
245 0 _aBusiness Ethics
260 _aIndia
_bPearson
_c2015
300 _a550
942 _cBK
999 _c756
_d756